[Event "Police Gniota Memorial 22nd"]
[Site "Police"]
[Date "2007.07.18"]
[Round "8"]
[White "Krysztofiak, Marcin"]
[Black "Claesen, Jeroen"]
[Result "1-0"]
[WhiteElo "2414"]
[BlackElo "2248"]
[PlyCount "49"]
[EventDate "2007.07.11"]
[EventType "swiss"]
[EventRounds "9"]
[EventCountry "POL"]
[SourceTitle "CBM 119 Extra"]
[Source "ChessBase"]
[SourceDate "2007.09.04"]
[SourceVersion "1"]
[SourceVersionDate "2007.09.04"]
[SourceQuality "1"]

1. e4 d6 2. d4 Nf6 3. Nc3 g6 4. Nf3 Bg7 5. h3 0-0 6. Be3 a6 7. a4 c5 8. dxc5 Qa5 9. Nd2 dxc5 10. Nb3 Qc7 11. Nxc5 b6 12. Nb3 Bb7 13. Bd3 Rd8 14. Qf3 Nc6 15. 0-0 Ne5 16. Qe2 Nh5 17. a5 Nxd3 18. cxd3 bxa5 19. Nxa5 Rab8 20. Rfc1 Nf4 21. Qf1 Nxd3 22. Nd5 Qd7 23. Qxd3 Bxb2 24. Bb6 e6 25. Bxd8 1-0

[Event "Police Gniota Memorial 22nd"]
[Site "Police"]
[Date "2007.07.15"]
[Round "5"]
[White "Maliszewski, Jaroslaw"]
[Black "Claesen, Jeroen"]
[Result "0-1"]
[WhiteElo "1942"]
[BlackElo "2248"]
[PlyCount "40"]
[EventDate "2007.07.11"]
[EventType "swiss"]
[EventRounds "9"]
[EventCountry "POL"]
[SourceTitle "CBM 119 Extra"]
[Source "ChessBase"]
[SourceDate "2007.09.04"]
[SourceVersion "1"]
[SourceVersionDate "2007.09.04"]
[SourceQuality "1"]

1. c4 Nf6 2. Nc3 c5 3. e4 Nc6 4. Nf3 d6 5. d4 cxd4 6. Nxd4 Nxd4 7. Qxd4 g6 8. Bg5 Bg7 9. Nd5 0-0 10. Bxf6 exf6 11. Qd2 Re8 12. f3 f5 13. Bd3 fxe4 14. fxe4 f5 15. 0-0 fxe4 16. Rae1 exd3 17. Rxe8+ Qxe8 18. Nc7 Bd4+ 19. Rf2 Qe3 20. Nxa8 Qxd2 0-1

[Event "Antwerp"]
[Site "Antwerp"]
[Date "2007.07.06"]
[Round "7"]
[White "Claesen, Jeroen"]
[Black "Dardha, Arben"]
[Result "1/2-1/2"]
[WhiteElo "2260"]
[BlackElo "2286"]
[PlyCount "33"]
[EventDate "2007.06.30"]
[EventType "tourn"]
[EventRounds "9"]
[EventCountry "BEL"]
[EventCategory "5"]
[SourceTitle "CBM 119 Extra"]
[Source "ChessBase"]
[SourceDate "2007.09.04"]
[SourceVersion "1"]
[SourceVersionDate "2007.09.04"]
[SourceQuality "1"]

1. e4 c5 2. Nc3 Nc6 3. g3 g6 4. Bg2 Bg7 5. d3 d6 6. f4 e5 7. Nh3 exf4 8. Nxf4 Nge7 9. 0-0 0-0 10. Be3 b5 11. a3 Rb8 12. Qd2 a5 13. Nfd5 Nxd5 14. Nxd5 Be6 15. Bg5 f6 16. Bf4 Qd7 17. Rae1 1/2-1/2

[Event "BEL-chT 0405"]
[Site "Belgium"]
[Date "2005.03.06"]
[Round "10"]
[White "Claesen, Jeroen"]
[Black "Schebler, Gerhard"]
[Result "0-1"]
[WhiteElo "2264"]
[BlackElo "2495"]
[PlyCount "126"]
[EventDate "2004.09.09"]
[EventType "team-tourn"]
[EventRounds "11"]
[EventCountry "BEL"]
[SourceTitle "EXT 2006"]
[Source "ChessBase"]
[SourceDate "2005.11.24"]
[SourceVersion "1"]
[SourceVersionDate "2005.11.24"]
[SourceQuality "1"]
[WhiteTeam "Leuven Lustige Vrijpion"]
[BlackTeam "KSK47 Eynatten"]
[WhiteTeamCountry "BEL"]
[BlackTeamCountry "BEL"]

1. e4 e5 2. Nf3 Nc6 3. c3 Nf6 4. d4 d5 5. Bb5 exd4 6. e5 Ne4 7. cxd4 Bd7 8. Qb3 Be6 9. Nc3 Be7 10. Qc2 0-0 11. a3 f6 12. 0-0 Qd7 13. Nxe4 dxe4 14. Qxe4 Bd5 15. Qe2 Kh8 16. e6 Qd6 17. Bc4 Rad8 18. Bxd5 Qxd5 19. Re1 Rfe8 20. Bf4 Bd6 21. Qe3 Re7 22. Re2 Bxf4 23. Qxf4 Nxd4 24. Nxd4 Qxd4 25. Qg3 Qd1+ 26. Re1 Qd5 27. Qg4 h5 28. Qa4 Qc5 29. Rad1 Rde8 30. Qb3 Qb6 31. Qd5 g6 32. h3 Kg7 33. b4 a6 34. Re3 Qb5 35. Qxb5 axb5 36. Rd7 f5 37. Rc3 c6 38. f4 Kf6 39. Kf2 h4 40. Re3 Rxd7 41. exd7 Rd8 42. Rd3 Ke7 43. g3 Rxd7 44. Re3+ Kf6 45. gxh4 Rd4 46. Kg3 b6 47. Rc3 Rc4 48. Rd3 Ke6 49. Re3+ Re4 50. Rf3 c5 51. h5 gxh5 52. Kh4 c4 53. Kg5 Re1 54. Rg3 h4 55. Kxh4 Rb1 56. Kg5 Rb3 57. Rg1 Rxh3 58. Re1+ Kd5 59. Kxf5 c3 60. Kg4 Rh8 61. Kf3 Kc4 62. Rc1 Kb3 63. Ke3 Kb2 0-1

[Event "BEL-chT 0405"]
[Site "Belgium"]
[Date "2005.01.30"]
[Round "8"]
[White "Ruck, Tamas"]
[Black "Claesen, Jeroen"]
[Result "1-0"]
[WhiteElo "2347"]
[BlackElo "2264"]
[PlyCount "145"]
[EventDate "2004.09.09"]
[EventType "team-tourn"]
[EventRounds "11"]
[EventCountry "BEL"]
[SourceTitle "EXT 2006"]
[Source "ChessBase"]
[SourceDate "2005.11.24"]
[SourceVersion "1"]
[SourceVersionDate "2005.11.24"]
[SourceQuality "1"]
[WhiteTeam "KSK47 Eynatten II"]
[BlackTeam "Leuven Lustige Vrijpion"]
[WhiteTeamCountry "BEL"]
[BlackTeamCountry "BEL"]

1. e4 Nf6 2. e5 Nd5 3. d4 d6 4. Nf3 g6 5. Bc4 c6 6. 0-0 dxe5 7. Nxe5 Bg7 8. Nd2 Be6 9. Re1 0-0 10. Bb3 Nd7 11. Nef3 Nc7 12. Ne4 Bxb3 13. axb3 h6 14. c3 a6 15. b4 Nd5 16. Nc5 b6 17. Nd3 b5 18. Bd2 e6 19. Qc2 Ne7 20. Ra5 Qb6 21. Bf4 Rfc8 22. Rea1 Nd5 23. Bd6 Bf8 24. Bg3 Ra7 25. Qe2 Be7 26. h4 Rca8 27. h5 g5 28. Nfe5 Nxe5 29. Bxe5 Qd8 30. Nc5 Qc8 31. Qf3 Bd8 32. R5a3 Bc7 33. Bxc7 Qxc7 34. Ra5 Qc8 35. g3 Kg7 36. Qe4 Kg8 37. Re1 Qd8 38. Qe5 Qf6 39. Qd6 Qf3 40. Qe5 Ne7 41. Qe2 Qxe2 42. Rxe2 Nd5 43. f3 Kf8 44. Kf2 Ke7 45. Re1 Nf6 46. g4 Nd7 47. Ne4 Nf6 48. Nc5 Nd7 49. Nd3 Kd6 50. Ke3 Kc7 51. Kd2 Rd8 52. Kc2 Kb6 53. b3 Nf6 54. Nc5 Nd7 55. Ne4 Rf8 56. c4 e5 57. c5+ Kc7 58. Nd6 exd4 59. Kd3 Kd8 60. Nf5 f6 61. Nxd4 Ne5+ 62. Rxe5 fxe5 63. Nxc6+ Kc7 64. Nxa7 Rxf3+ 65. Ke4 Rxb3 66. Rxa6 Rxb4+ 67. Kxe5 Kb7 68. Nc6 Rxg4 69. Rb6+ Kc7 70. Nd4 Rh4 71. Nxb5+ Kc8 72. Rxh6 g4 73. c6 1-0

[Event "Reims op 2nd"]
[Site "Reims "]
[Date "2005.??.??"]
[Round "1"]
[White "Petit, Christian Marie"]
[Black "Claesen, Jeroen"]
[Result "0-1"]
[WhiteElo "1900"]
[BlackElo "2254"]
[PlyCount "51"]
[EventDate "2005.12.27"]
[EventType "swiss"]
[EventRounds "7"]
[EventCountry "FRA"]
[SourceTitle "EXT 2008"]
[Source "ChessBase"]
[SourceDate "2007.11.25"]
[SourceVersion "1"]
[SourceVersionDate "2007.11.25"]
[SourceQuality "1"]

1. c4 f5 2. d4 Nf6 3. Nc3 g6 4. g3 Bg7 5. Bg2 d6 6. e3 0-0 7. Nge2 e5 8. dxe5 dxe5 9. Qxd8 Rxd8 10. Bd5+ Nxd5 11. Nxd5 Na6 12. Bd2 Be6 13. e4 c6 14. exf5 gxf5 15. Ne3 Nc5 16. Rb1 Nd3+ 17. Kf1 f4 18. gxf4 exf4 19. Rg1 Bh3+ 20. Ng2 f3 21. Nef4 Nxf4 22. Bxf4 Bxg2+ 23. Rxg2 fxg2+ 24. Kxg2 Rd4 25. Kf3 Rf8 26. Ke3 0-1

[Event "Leuven op 16th"]
[Site "Leuven"]
[Date "2004.11.13"]
[Round "5"]
[White "Claesen, Jeroen"]
[Black "Van Peer, Cedric Johan"]
[Result "1-0"]
[WhiteElo "2264"]
[BlackElo "2059"]
[PlyCount "77"]
[EventDate "2004.11.11"]
[EventType "swiss"]
[EventRounds "7"]
[EventCountry "BEL"]
[SourceTitle "EXT 2005"]
[Source "ChessBase"]
[SourceDate "2004.11.15"]
[SourceVersion "1"]
[SourceVersionDate "2004.11.15"]
[SourceQuality "1"]

1. e4 d5 2. exd5 Nf6 3. d4 Nxd5 4. Nf3 g6 5. c4 Nb6 6. Nc3 Bg7 7. Be2 0-0 8. h3 Nc6 9. Be3 e5 10. d5 Na5 11. Nd2 e4 12. Qc2 Qe7 13. a3 f5 14. b4 Nd7 15. Bf4 g5 16. Bh2 e3 17. fxe3 Qxe3 18. Nd1 Qe7 19. Ra2 f4 20. Nf3 h5 21. h4 Ne5 22. Nxe5 Qxe5 23. bxa5 Bf5 24. Qb3 Bg4 25. Nf2 Bxe2 26. Rxe2 Qa1+ 27. Nd1 Rae8 28. Qd3 Rxe2+ 29. Qxe2 Bc3+ 30. Kf2 Bd4+ 31. Kf1 g4 32. Bg1 f3 33. gxf3 gxf3 34. Qe6+ Rf7 35. Qe8+ Kg7 36. Bxd4+ Qxd4 37. Rg1+ Qg4 38. Rxg4+ hxg4 39. Kf2 1-0

[Event "BEL-chT 0304"]
[Site "Belgium"]
[Date "2004.02.01"]
[Round "8.5"]
[White "Roeder, Mathias"]
[Black "Claesen, Jeroen"]
[Result "1/2-1/2"]
[WhiteElo "2458"]
[BlackElo "2310"]
[PlyCount "39"]
[EventDate "2003.10.01"]
[EventType "team"]
[EventRounds "11"]
[EventCountry "BEL"]
[SourceTitle "EXT 2005"]
[Source "ChessBase"]
[SourceDate "2004.11.15"]
[SourceVersion "1"]
[SourceVersionDate "2004.11.15"]
[SourceQuality "1"]
[WhiteTeam "Eynatten"]
[BlackTeam "Leuven"]
[WhiteTeamCountry "BEL"]
[BlackTeamCountry "BEL"]

1. Nf3 f5 2. c4 Nf6 3. g3 g6 4. d4 Bg7 5. Bg2 0-0 6. Nc3 d6 7. 0-0 Qe8 8. d5 Na6 9. Nd4 Bd7 10. Rb1 c6 11. b4 c5 12. bxc5 Nxc5 13. Ba3 Rc8 14. Bxc5 Rxc5 15. Ne6 Bxe6 16. dxe6 Rxc4 17. Qb3 Qc8 18. Nd5 Nxd5 19. Bxd5 Rc5 20. Bxb7 1/2-1/2

[Event "Leuven op 15th"]
[Site "Leuven"]
[Date "2003.11.10"]
[Round "7"]
[White "Claesen, Jeroen"]
[Black "MacKenzie, Colin"]
[Result "1/2-1/2"]
[WhiteElo "2310"]
[BlackElo "2147"]
[PlyCount "32"]
[EventDate "2003.11.07"]
[EventType "swiss"]
[EventRounds "9"]
[EventCountry "BEL"]
[SourceTitle "EXT 2004"]
[Source "ChessBase"]
[SourceDate "2003.11.25"]
[SourceVersion "1"]
[SourceVersionDate "2003.11.25"]
[SourceQuality "1"]

1. e4 e6 2. d3 d5 3. Nd2 Nf6 4. Ngf3 b6 5. g3 Bb7 6. e5 Nfd7 7. Bg2 c5 8. 0-0 Nc6 9. Re1 Qc7 10. Qe2 Be7 11. h4 0-0-0 12. c4 d4 13. a3 Kb8 14. Ne4 h6 15. Bf4 Nf8 16. g4 g5 1/2-1/2

[Event "BEL-chT 0304"]
[Site "Belgium"]
[Date "2003.10.19"]
[Round "2.5"]
[White "Kadimova, Ilaha"]
[Black "Claesen, Jeroen"]
[Result "1-0"]
[WhiteElo "2345"]
[BlackElo "2310"]
[PlyCount "105"]
[EventDate "2003.10.01"]
[EventType "team"]
[EventRounds "11"]
[EventCountry "BEL"]
[SourceTitle "EXT 2004"]
[Source "ChessBase"]
[SourceDate "2003.11.25"]
[SourceVersion "1"]
[SourceVersionDate "2003.11.25"]
[SourceQuality "1"]
[WhiteTeam "Charleroi CREC"]
[BlackTeam "Leuven"]
[WhiteTeamCountry "BEL"]
[BlackTeamCountry "BEL"]

1. d4 f5 2. g3 Nf6 3. Bg2 g6 4. Nh3 d6 5. d5 Nbd7 6. Nf4 Ne5 7. c4 Bg7 8. Nc3 Bd7 9. Qb3 Qc8 10. h4 Neg4 11. h5 g5 12. Ne6 Bxe6 13. dxe6 Qxe6 14. Bxg5 Ne4 15. Nxe4 fxe4 16. Qxb7 0-0 17. Qxe4 Qxe4 18. Bxe4 Rab8 19. 0-0 Rxb2 20. Bf3 Ne5 21. Bd5+ Kh8 22. Bxe7 Re8 23. Bg5 c6 24. h6 cxd5 25. hxg7+ Kxg7 26. cxd5 Ng4 27. e3 Re5 28. Bf4 Rxd5 29. e4 Rd4 30. f3 Ne5 31. Rf2 Rdb4 32. Rd1 Rb1 33. Rxb1 Rxb1+ 34. Kg2 Nd3 35. Rd2 Nxf4+ 36. gxf4 Rb6 37. Kg3 Kf6 38. f5 Ke5 39. Rd5+ Kf6 40. Kf4 Ra6 41. Rd2 Kg7 42. Rb2 Kf6 43. Rh2 Kg7 44. Kg5 Ra3 45. f6+ Kg8 46. Rd2 Ra5+ 47. Kf4 Ra6 48. Kf5 Kf7 49. f4 h5 50. e5 dxe5 51. fxe5 Ra5 52. Rd7+ Ke8 53. f7+ 1-0

[Event "Leuven op 14th"]
[Site "Leuven"]
[Date "2002.11.11"]
[Round "6"]
[White "Bagheri, Amir"]
[Black "Claesen, Jeroen"]
[Result "1/2-1/2"]
[WhiteElo "2438"]
[BlackElo "2313"]
[PlyCount "99"]
[EventDate "2002.11.08"]
[EventType "swiss"]
[EventRounds "7"]
[EventCountry "BEL"]
[SourceTitle "EXT 2003"]
[Source "ChessBase"]
[SourceDate "2002.11.25"]
[SourceVersion "1"]
[SourceVersionDate "2002.11.25"]
[SourceQuality "1"]

1. d4 g6 2. Nf3 Bg7 3. e4 c6 4. c3 d6 5. Bg5 Qc7 6. Nbd2 Nd7 7. Be2 Ngf6 8. 0-0 0-0 9. a4 e5 10. dxe5 dxe5 11. Re1 h6 12. Bh4 Nc5 13. Qc2 Ne6 14. a5 Nf4 15. Bc4 Bg4 16. h3 Bh5 17. Bf1 g5 18. Bg3 Bg6 19. Nc4 N6h5 20. Ne3 Rad8 21. Bh2 Rd7 22. Nd2 Rfd8 23. Red1 Nf6 24. f3 N6d5 25. Nec4 b5 26. axb6 axb6 27. g3 Nh5 28. Qc1 b5 29. exd5 bxc4 30. Nxc4 cxd5 31. Ne3 d4 32. cxd4 exd4 33. Qxc7 Rxc7 34. Ng2 Rc2 35. g4 Nf6 36. Be5 Ne8 37. Bxg7 Nxg7 38. b4 Ne6 39. b5 Rb2 40. Bc4 Rb4 41. Rac1 d3 42. Bxe6 fxe6 43. Rc5 Be8 44. Rd2 Rxb5 45. Rc3 Bg6 46. h4 Rdb8 47. hxg5 hxg5 48. Rc1 Kg7 49. Kf2 Kf6 50. Ne3 1/2-1/2

[Event "BEL-chT 0102"]
[Site "Belgium"]
[Date "2001.12.23"]
[Round "5"]
[White "Claesen, Jeroen"]
[Black "Vanheirzeele, Daniel"]
[Result "1/2-1/2"]
[WhiteElo "2297"]
[BlackElo "2223"]
[PlyCount "26"]
[EventDate "2001.10.14"]
[EventType "team"]
[EventRounds "11"]
[EventCountry "BEL"]
[SourceTitle "EXT 2003"]
[Source "ChessBase"]
[SourceDate "2002.11.25"]
[SourceVersion "1"]
[SourceVersionDate "2002.11.25"]
[SourceQuality "1"]

1. e4 c5 2. Nc3 Nc6 3. g3 g6 4. Bg2 Bg7 5. d3 d6 6. f4 e6 7. Nf3 Nge7 8. 0-0 0-0 9. Be3 Rb8 10. Bf2 Nd4 11. e5 Nxf3+ 12. Qxf3 b6 13. exd6 Nf5 1/2-1/2

[Event "BEL-ch"]
[Site "Charleroi"]
[Date "2001.07.13"]
[Round "7"]
[White "Cekro, Ekrem"]
[Black "Claesen, Jeroen"]
[Result "1-0"]
[WhiteElo "2393"]
[BlackElo "2273"]
[PlyCount "59"]
[EventDate "2001.07.07"]
[EventType "tourn"]
[EventRounds "9"]
[EventCountry "BEL"]
[EventCategory "8"]
[SourceTitle "CBM 083 Extra"]
[Source "ChessBase"]
[SourceDate "2001.09.11"]
[SourceVersion "1"]
[SourceVersionDate "2001.09.11"]
[SourceQuality "1"]

1. c4 f5 2. Nc3 Nf6 3. d4 g6 4. g3 Bg7 5. Bg2 d6 6. d5 e5 7. dxe6 Nc6 8. b3 Bxe6 9. Nh3 Ne4 10. Nxe4 fxe4 11. Rb1 Bf5 12. 0-0 Qe7 13. Nf4 0-0-0 14. b4 Ne5 15. Qa4 Kb8 16. Be3 b6 17. Nd5 Qd7 18. b5 h5 19. Nb4 h4 20. Bf4 a5 21. Nc6+ Nxc6 22. bxc6 Qe8 23. c5 e3 24. cxb6 exf2+ 25. Kxf2 hxg3+ 26. hxg3 Bxb1 27. bxc7+ Kc8 28. Rxb1 g5 29. Rb8+ Kxc7 30. Qxa5+ 1-0

[Event "BEL-ch"]
[Site "Charleroi"]
[Date "2001.07.10"]
[Round "4"]
[White "Claesen, Jeroen"]
[Black "Meessen, Rudolf"]
[Result "1-0"]
[WhiteElo "2273"]
[BlackElo "2323"]
[PlyCount "45"]
[EventDate "2001.07.07"]
[EventType "tourn"]
[EventRounds "9"]
[EventCountry "BEL"]
[EventCategory "8"]
[SourceTitle "CBM 083 Extra"]
[Source "ChessBase"]
[SourceDate "2001.09.11"]
[SourceVersion "1"]
[SourceVersionDate "2001.09.11"]
[SourceQuality "1"]

1. d4 e6 2. Nf3 f5 3. c4 Nf6 4. Nc3 Bb4 5. Qb3 a5 6. Bg5 b6 7. 0-0-0 Na6 8. g4 fxg4 9. Ne5 Bb7 10. Rg1 Bxc3 11. bxc3 Qe7 12. Bg2 a4 13. Qb2 Qd6 14. Bxb7 Ra7 15. Bh1 0-0 16. Bxf6 Rxf6 17. Nxg4 Rf8 18. e3 c5 19. Be4 cxd4 20. Rxd4 Qc5 21. f4 Nc7 22. Qb4 d5 23. cxd5 1-0